000 00355nam a2200145Ia 4500
008 221030s9999 xx 000 0 und d
041 _aEnglish
082 _a105.23
100 _aF. P. Beer
245 0 _aVector Mechanics for Engineers : Dynamics
_cby F. P. Beer, E. R. Johnson
260 _c0
650 _aB
700 _aE. R. Johnson
942 _cBK
999 _c11245
_d11245